Introduction to Mathematical statistics (Record no. 240709)

MARC details
000 -LEADER
fixed length control field 00692nam a22002297a 4500
005 - DATE AND TIME OF LATEST TRANSACTION
control field 20251203120019.0
008 - FIXED-LENGTH DATA ELEMENTS--GENERAL INFORMATION
fixed length control field 251203b |||||||| |||| 00| 0 eng d
020 ## - INTERNATIONAL STANDARD BOOK NUMBER
International Standard Book Number 9789353946760
040 ## - CATALOGING SOURCE
Transcribing agency AL
041 ## - LANGUAGE CODE
Language code of text/sound track or separate title English
082 ## - DEWEY DECIMAL CLASSIFICATION NUMBER
Classification number 519.5
Item number HOGI
100 ## - MAIN ENTRY--PERSONAL NAME
Personal name Robert V Hogg and others
100 ## - MAIN ENTRY--PERSONAL NAME
9 (RLIN) 247401
245 ## - TITLE STATEMENT
Title Introduction to Mathematical statistics
250 ## - EDITION STATEMENT
Edition statement 8
260 ## - PUBLICATION, DISTRIBUTION, ETC.
Place of publication, distribution, etc. Uttar Pradesh
Name of publisher, distributor, etc. Pearson India Education services pvt ltd
Date of publication, distribution, etc. 2020
300 ## - PHYSICAL DESCRIPTION
Extent 760 p.
Other physical details PB
Dimensions 26x20 cm.
365 ## - TRADE PRICE
Price type code ABDI/0821/25
Price amount ₹997.50
Currency code
Unit of pricing ₹1330.00
Price note 25%
Price effective from 13-11-2025
650 ## - SUBJECT ADDED ENTRY--TOPICAL TERM
Topical term or geographic name entry element Statistics
9 (RLIN) 247402
700 ## - ADDED ENTRY--PERSONAL NAME
Personal name Mckean, Joseph W
9 (RLIN) 247403
700 ## - ADDED ENTRY--PERSONAL NAME
Personal name Craig, Allen T
9 (RLIN) 247404
942 ## - ADDED ENTRY ELEMENTS (KOHA)
Source of classification or shelving scheme Dewey Decimal Classification
Koha item type Book
Holdings
Withdrawn status Lost status Source of classification or shelving scheme Damaged status Not for loan Collection code Home library Current library Date acquired Source of acquisition Cost, normal purchase price Total Checkouts Full call number Barcode Date last seen Cost, replacement price Price effective from Koha item type
    Dewey Decimal Classification     Computer Science and Engineering (Artificial Intelligence & Machine Learning) St Aloysius Engineering Library St Aloysius Engineering Library 11/13/2025 Academic Book Distributors 997.50   519.5 HOGI SE000167 12/03/2025 1330.00 11/13/2025 Book
    Dewey Decimal Classification     Computer Science and Engineering (Artificial Intelligence & Machine Learning) St Aloysius Engineering Library St Aloysius Engineering Library 11/13/2025 Academic Book Distributors 997.50   519.5 HOGI SE000168 12/03/2025 1330.00 11/13/2025 Book
    Dewey Decimal Classification     Computer Science and Engineering (Artificial Intelligence & Machine Learning) St Aloysius Engineering Library St Aloysius Engineering Library 11/13/2025 Academic Book Distributors 997.50   519.5 HOGI SE000169 12/03/2025 1330.00 11/13/2025 Book
    Dewey Decimal Classification     Computer Science and Engineering (Artificial Intelligence & Machine Learning) St Aloysius Engineering Library St Aloysius Engineering Library 11/13/2025 Academic Book Distributors 997.50   519.5 HOGI SE000170 12/03/2025 1330.00 11/13/2025 Book
    Dewey Decimal Classification     Computer Science and Engineering (Artificial Intelligence & Machine Learning) St Aloysius Engineering Library St Aloysius Engineering Library 11/13/2025 Academic Book Distributors 997.50   519.5 HOGI SE000171 12/03/2025 1330.00 11/13/2025 Book